Microscopie électronique à balayage et microanalyses (Record no. 56427)
[ view plain ]
| 000 -LEADER | |
|---|---|
| fixed length control field | 00963nam a22002417a 4500 |
| 005 - DATE AND TIME OF LATEST TRANSACTION | |
| control field | 20170703155333.0 |
| 008 - FIXED-LENGTH DATA ELEMENTS--GENERAL INFORMATION | |
| fixed length control field | 170703b xxu||||| |||| 00| 0 eng d |
| 020 ## - INTERNATIONAL STANDARD BOOK NUMBER | |
| International Standard Book Number | 978-2-7598-0082-7 |
| 040 ## - CATALOGING SOURCE | |
| Original cataloging agency | BUAC |
| Transcribing agency | BUC |
| 100 ## - MAIN ENTRY--PERSONAL NAME | |
| Personal name | Brisset, François |
| 245 ## - TITLE STATEMENT | |
| Title | Microscopie électronique à balayage et microanalyses |
| Statement of responsibility, etc | / par François Brisset ; collab. Monique Repoux, Jacky Ruste, François Grillon et Florence Robaut ; GROUPEMENT NATIONAL DE MICROSCOPIE ELECTRONIQUE A BALAYAGE ET DE MICROANALYSES |
| 260 ## - PUBLICATION, DISTRIBUTION, ETC. (IMPRINT) | |
| Place of publication, distribution, etc | Paris : |
| Name of publisher, distributor, etc | EDP Sciences, |
| Date of publication, distribution, etc | 2008 |
| 300 ## - PHYSICAL DESCRIPTION | |
| Extent | XXXVI-892 |
| Other physical details | couv. ill. en coul. ; |
| Dimensions | 25 cm |
| 500 ## - GENERAL NOTE | |
| General note | Index pp. 881-892 |
| 650 ## - SUBJECT ADDED ENTRY--TOPICAL TERM | |
| Topical term or geographic name as entry element | Microscope électronique |
| 650 ## - SUBJECT ADDED ENTRY--TOPICAL TERM | |
| Topical term or geographic name as entry element | Optique : électronique |
| 9 (RLIN) | 25910 |
| 700 ## - ADDED ENTRY--PERSONAL NAME | |
| Personal name | Repoux, Monique |
| 700 ## - ADDED ENTRY--PERSONAL NAME | |
| Personal name | Ruste, Jacky |
| 700 ## - ADDED ENTRY--PERSONAL NAME | |
| Personal name | Grillon, François |
| 700 ## - ADDED ENTRY--PERSONAL NAME | |
| Personal name | Robaut, Florence |
| 710 ## - ADDED ENTRY--CORPORATE NAME | |
| Corporate name or jurisdiction name as entry element | GROUPEMENT NATIONAL DE MICROSCOPIE ELECTRONIQUE A BALAYAGE ET DE MICROANALYSES |
| 942 ## - ADDED ENTRY ELEMENTS (KOHA) | |
| Item type | Libre Accès |
| Withdrawn status | Lost status | Damaged status | Not for loan | Location (home branch) | Sublocation or collection (holding branch) | Shelving location | Date acquired | Source of acquisition | Coded location qualifier | Koha issues (times borrowed) | Koha full call number | Piece designation (barcode) | Koha date last seen | Price effective from | Koha item type |
|---|---|---|---|---|---|---|---|---|---|---|---|---|---|---|---|
| Bibliothèque Universitaire Centrale | Bibliothèque Universitaire Centrale | 03/07/2017 | Achat | 14/095 | 621.385.833 MIC | 14-095Buc | 03/07/2017 | 03/07/2017 | Libre Accès |